000 00680nam a22001937a 4500
003 OSt
005 20220915204239.0
008 220915b |||||||| |||| 00| 0 eng d
040 _cBiblioteca Lado V
082 _a779.949
_bG567c
100 _aGlusberg, Jorge
_eDirector
245 _aColección Fotográfica del Museo Nacional de Bellas Artes/
260 _aBuenos Aires, Argentina
_bMuseo Nacional de Bellas Artes
_c1998
300 _a8p.
_c24x30cm
650 _2Tesauro de Arte & Arquitectura
_aFOTOGRAFIA
650 _2Tesauro de Arte & Arquitectura
_aARTE
650 _2Tesauro de Arte & Arquitectura
_aARGENTINA
942 _2ddc
_c1
_h779.949
_iG567c
_n0
999 _c2043
_d2043